LEADER 05125nam 2200745 450 001 9910787414803321 005 20200520144314.0 010 $a3-03821-483-3 024 7 $a10.1515/9783038214830 035 $a(CKB)3710000000359783 035 $a(EBL)2028740 035 $a(SSID)ssj0001457373 035 $a(PQKBManifestationID)12576898 035 $a(PQKBTitleCode)TC0001457373 035 $a(PQKBWorkID)11441249 035 $a(PQKB)10341824 035 $a(DE-B1597)213521 035 $a(OCoLC)1002243454 035 $a(OCoLC)1004878473 035 $a(OCoLC)1011446864 035 $a(OCoLC)909907755 035 $a(OCoLC)979586364 035 $a(OCoLC)987936679 035 $a(OCoLC)992544477 035 $a(OCoLC)999354832 035 $a(DE-B1597)9783038214830 035 $a(MiAaPQ)EBC2028740 035 $a(Au-PeEL)EBL2028740 035 $a(CaPaEBR)ebr11049500 035 $a(CaONFJC)MIL809004 035 $a(PPN)258012196 035 $a(EXLCZ)993710000000359783 100 $a20141120h20152015 uy| 0 101 0 $aeng 135 $aur|n|---||||| 181 $ctxt 182 $cc 183 $acr 200 10$aArchitecturally exposed structural steel $especifications, connections, details /$fTerri Meyer Boake 210 1$aBasel ;$aBoston :$cBirkha?user,$d[2015] 210 4$d©2015 215 $a1 online resource (184 p.) 300 $aDescription based upon print version of record. 311 $a3-03821-574-0 320 $aIncludes bibliographical references and index. 327 $aThe basis of architecturally exposed steel -- The category system -- Characteristics -- Erection considerations -- Coatings & protection -- Member choices -- Connections -- Specialized connections -- Custom fabrication. 330 $aFreiliegende Stahlkonstruktionen kommen heute dank Fortschritten in der Brandschutztechnik auch bei anspruchsvollsten Bauaufgaben zum Einsatz. Deutschland, Österreich und die Schweiz können hierin von den jahrzehntelangen Erfahrungen profitieren, die insbesondere in Nordamerika und Großbritannien seit Aufkommen der High-Tech-Architektur und deren Weiterentwicklung hin zum Architecturally Exposed Structural Steel gereift sind.Eine der weltweit besten Kennerinnen dieser Bautechnik und ihrer Potenziale für avancierte Architektur legt in diesem Buch dar, wie sich die hohen Qualitätsanforderungen insbesondere an die Detaillierung und das Finish mit einer kostensparenden Differenzierung vereinen lassen: je nach Bauaufgabe, aber auch nach unterschiedlicher visueller Exponiertheit der Teile sowie durch ein geschicktes Zusammenspiel mit der Entwurfsidee. Alle dargestellten Lösungen werden anschaulich und faszinierend mit Abbildungen aus dem umfangreichen Fotoarchiv der Autorin dargestellt.Kostengünstige hohe Qualität in der anspruchsvollen Stahlarchitektur ist möglich - dank des hier dargestellten systematischen Umgangs mit diesen Fragen, wie er im angloamerikanischen Raum seit langem praktiziert wird. 330 $aThis book provides the means for a better control and purposeful consideration of the design of Architecturally Exposed Structural Steel (AESS). It deploys a detailed categorization of AESS and its uses according to design context, building typology and visual exposure. In a rare combination, this approach makes high quality benchmarks compatible with economies in terms of material use, fabrication methods, workforce and cost. Building with exposed steel has become more and more popular worldwide, also as advances in fire safety technology have permitted its use for building tasks under stringent fire regulations. On her background of long standing as a teacher in architectural steel design affiliated with many institutions, the author ranks among the world's best scholars on this topic. Among the fields covered by the extensive approach of this book are the characteristics of the various categories of AESS, the interrelatedness of design, fabrication and erection of the steel structures, issues of coating and protection (including corrosion and fire protection), special materials like weathering steel and stainless steel, the member choices and a connection design checklist. The description draws on many international examples from advanced contemporary architecture, all visited and photographed by the author, among which figure buildings like the Amgen Helix Bridge in Seattle, the Shard Observation Level in London, the New York Times Building and the Arganquela Footbridge. 606 $aSpace frame structures 606 $aBuilding, Iron and steel 606 $aSteel framing (Building) 606 $aArchitectural metal-work 615 0$aSpace frame structures. 615 0$aBuilding, Iron and steel. 615 0$aSteel framing (Building) 615 0$aArchitectural metal-work. 676 $a624.1/821 700 $aBoake$b Terri Meyer$01036406 801 0$bMiAaPQ 801 1$bMiAaPQ 801 2$bMiAaPQ 906 $aBOOK 912 $a9910787414803321 996 $aArchitecturally exposed structural steel$93708924 997 $aUNINA LEADER 03188oam 2200637I 450 001 9910967686503321 005 20251117045011.0 010 $a1-317-26427-4 010 $a1-315-63618-2 010 $a1-317-26426-6 024 7 $a10.4324/9781315636184 035 $a(CKB)3710000000526679 035 $a(EBL)4186353 035 $a(SSID)ssj0001579911 035 $a(PQKBManifestationID)16257192 035 $a(PQKBTitleCode)TC0001579911 035 $a(PQKBWorkID)13039116 035 $a(PQKB)11019717 035 $a(MiAaPQ)EBC4186353 035 $a(Au-PeEL)EBL4186353 035 $a(CaPaEBR)ebr11127926 035 $a(CaONFJC)MIL877742 035 $a(OCoLC)932339602 035 $a(OCoLC)931534396 035 $a(FINmELB)ELB141317 035 $a(EXLCZ)993710000000526679 100 $a20180706e20162012 uy 0 101 0 $aeng 135 $aur|n|---||||| 181 $ctxt 182 $cc 183 $acr 200 10$aAcademe degree zero $ereconsidering the politics of higher education /$fJeffrey R. Di Leo 205 $a1st ed. 210 1$aLondon ;$aNew York :$cRoutledge,$d2016. 215 $a1 online resource (165 p.) 225 1 $aCultural politics & the promise of democracy 300 $aFirst published 2012 by Paradigm Publishers. 311 08$a1-59451-889-0 311 08$a1-59451-888-2 320 $aIncludes bibliographical references and index. 327 $aCover; Half Title; Title Page; Copyright Page; Table of Contents; Preface; Acknowledgments; Chapter 1 Anonymity, Dialogue, and the Academy; Chapter 2 Public Intellectuals, Inc.; Chapter 3 Uncollegiality, Tenure, and the Weasel Clause; Chapter 4 Shame in Academe; Chapter 5 On Being and Becoming Affiliated; Chapter 6 The Fate of the Book Review; CHAPTER 7 Politics, Pedagogy, and the Anthology; Chapter 8 Academe Degree Zero; Chapter 9 Cultural Studies, Semiotics, and the Politics of Repackaging Theory; Chapter 10 New Technology and the Dilemmas of the Posttheory Generation; Notes; Bibliography 327 $aIndexAbout the Author 330 $a"A collection of ten essays that identify and critically examine a number of important meta-professional issues facing higher education today. These issues include: the nature and limits of anonymity in academic discourse, the ways in which affiliation and prestige temper academic judgment, and the role of collegiality in academic life. Collectively, the essays in this book provide a snapshot of academic identity and relations in a time of major technological and economic transformation, most notably, the increased use of electronic media in higher education for both the dissemination of scholarship and classroom instruction, and the corporatization of higher education."--P. ix. 410 0$aCultural politics & the promise of democracy. 606 $aEducation, Higher$xPolitical aspects$zUnited States 615 0$aEducation, Higher$xPolitical aspects 676 $a378.001 700 $aDi Leo$b Jeffrey R.$0893323 801 0$bMiAaPQ 801 1$bMiAaPQ 801 2$bMiAaPQ 906 $aBOOK 912 $a9910967686503321 996 $aAcademe degree zero$94493822 997 $aUNINA